| 000 | 01055nam a2200253 a 4500 | ||
|---|---|---|---|
| 001 | 74364 | ||
| 003 | BD-RjUL | ||
| 005 | 20211209082537.0 | ||
| 008 | 180726s2017 bg ||||| b||| 001 0 b d | ||
| 020 |
_a9789849235538 _c:Tk. 140.00 |
||
| 035 | _a(BD-RjUL)74582 | ||
| 040 |
_aBD-RjUL _beng _cBD-RjUL |
||
| 041 | _aben | ||
| 082 |
_223 _a891.22 _bBHK 2017 |
||
| 100 | 1 |
_aভারবি, সি সানকারা রামা শাস্ত্রি _9221941 |
|
| 245 | 1 | 0 |
_aকিরাতার্জুনীয়ম / _cসি সানকারা রামা শাস্ত্রি ভারবি ; অনুবাদ, কানাই লাল রায় |
| 260 |
_aঢাকা ঃ _bসময় , _c২০১৭ |
||
| 300 |
_a১০১ পৃ. ; _c২২ সেমি. |
||
| 504 | _aগ্রন্থপঞ্জি সংযুক্ত | ||
| 650 |
_aসংস্কৃত সাহিত্য _9221942 |
||
| 650 |
_aSanskrit Literature _9221943 |
||
| 700 |
_aরায়, কানাই লাল _9221944 |
||
| 942 |
_2ddc _cBK |
||
| 999 |
_c74364 _d74364 |
||